[Event "Odense Andersen op"]
[Site "Odense"]
[Date "2012.05.20"]
[Round "9"]
[White "Fries Nielsen, Niels Jorgen"]
[Black "Frantsen, Tom"]
[Result "1/2-1/2"]
[WhiteElo "2326"]
[BlackElo "2122"]
[PlyCount "23"]
[EventDate "2012.05.16"]
[EventType "swiss"]
[EventRounds "9"]
[EventCountry "DEN"]
[SourceTitle "CBM 148 Extra"]
[Source "ChessBase"]
[SourceDate "2012.06.22"]
[SourceVersion "1"]
[SourceVersionDate "2012.06.22"]
[SourceQuality "1"]

1. e3 c5 2. b3 Nc6 3. Bb2 e5 4. c4 Nf6 5. Nc3 d5 6. cxd5 Nxd5 7. Nf3 Nc7 8. Rc1 Bf5 9. d3 f6 10. Be2 Qd7 11. 0-0 Rd8 12. Ne4 1/2-1/2

[Event "Odense Andersen op"]
[Site "Odense"]
[Date "2012.05.19"]
[Round "6"]
[White "Frantsen, Tom"]
[Black "Skytte, Torill"]
[Result "1-0"]
[WhiteElo "2122"]
[BlackElo "1973"]
[PlyCount "105"]
[EventDate "2012.05.16"]
[EventType "swiss"]
[EventRounds "9"]
[EventCountry "DEN"]
[SourceTitle "CBM 148 Extra"]
[Source "ChessBase"]
[SourceDate "2012.06.22"]
[SourceVersion "1"]
[SourceVersionDate "2012.06.22"]
[SourceQuality "1"]

1. e4 e6 2. d4 d5 3. exd5 exd5 4. Bd3 Nc6 5. c3 Bd6 6. Ne2 Nge7 7. Ng3 Be6 8. 0-0 Qd7 9. Re1 0-0-0 10. b4 Rdg8 11. Na3 h5 12. Qa4 Kb8 13. Nb5 g5 14. Nxd6 Qxd6 15. b5 Nd8 16. Ba3 Qd7 17. Qb4 Nc8 18. Qb3 h4 19. Nf1 g4 20. Bc1 g3 21. fxg3 h3 22. Qc2 hxg2 23. Qxg2 Bh3 24. Qf2 Nd6 25. a4 Nf5 26. Re5 Nh4 27. Ne3 Be6 28. Nf1 f6 29. Re1 Qg7 30. Bf4 Qg4 31. Re3 Nf5 32. Rxe6 Nxg3 33. Bxg3 Qxe6 34. Re1 Qf7 35. Bf5 Rg5 36. Qf4 Rhh5 37. Bd3 Rg7 38. Be2 Rhg5 39. Bf3 Ne6 40. Qe3 Nd8 41. Qe8 Rg8 42. Qxf7 Nxf7 43. Kf2 Rh8 44. Ne3 Nd6 45. Nxd5 Rf5 46. Re6 Kc8 47. Ne7+ Kd7 48. Nxf5 Kxe6 49. Nxd6 cxd6 50. Bxb7 d5 51. Bc6 Rc8 52. a5 a6 53. b6 1-0

[Event "Odense Andersen op"]
[Site "Odense"]
[Date "2012.05.18"]
[Round "4"]
[White "Frantsen, Tom"]
[Black "Rostgaard, Tobias Valentin"]
[Result "0-1"]
[WhiteElo "2122"]
[BlackElo "2255"]
[PlyCount "46"]
[EventDate "2012.05.16"]
[EventType "swiss"]
[EventRounds "9"]
[EventCountry "DEN"]
[SourceTitle "CBM 148 Extra"]
[Source "ChessBase"]
[SourceDate "2012.06.22"]
[SourceVersion "1"]
[SourceVersionDate "2012.06.22"]
[SourceQuality "1"]

1. e4 c5 2. Nf3 e6 3. d4 cxd4 4. Nxd4 Nc6 5. Nxc6 bxc6 6. Bd3 d5 7. 0-0 Nf6 8. Nc3 Be7 9. Qe2 0-0 10. b3 Bb7 11. Bb2 c5 12. Rad1 a6 13. Rfe1 Re8 14. exd5 exd5 15. Qf3 Qc7 16. Qh3 g6 17. Na4 d4 18. c3 Rad8 19. Bc4 Bc8 20. Qg3 Bd6 21. Qh4 Ng4 22. cxd4 Bxh2+ 23. Kf1 Qf4 0-1

[Event "Fyn-ch"]
[Site "Odense"]
[Date "2010.02.25"]
[Round "5"]
[White "Furrer, Christian"]
[Black "Frantsen, Tom"]
[Result "1/2-1/2"]
[WhiteElo "2010"]
[BlackElo "2106"]
[PlyCount "48"]
[EventDate "2010.01.14"]
[EventType "swiss"]
[EventRounds "7"]
[EventCountry "DEN"]
[SourceTitle "EXT 2018"]
[Source "ChessBase"]
[SourceDate "2017.10.13"]
[SourceVersion "1"]
[SourceVersionDate "2017.10.13"]
[SourceQuality "1"]

1. d4 b5 2. e4 Bb7 3. Bd3 e6 4. Be3 Nf6 5. Nd2 a6 6. Ngf3 Be7 7. h3 d6 8. c4 bxc4 9. Qa4+ Nbd7 10. Qxc4 d5 11. Qc2 dxe4 12. Nxe4 Nd5 13. Bg5 Nb4 14. Qe2 Nxd3+ 15. Qxd3 Bxg5 16. Nexg5 Ne5 17. Qc3 Nxf3+ 18. Nxf3 0-0 19. 0-0 Bxf3 20. Qxf3 Qxd4 21. b3 Qb6 22. Rac1 c5 23. Rc4 Rad8 24. Rfc1 Rd5 1/2-1/2

[Event "Kiel op 22nd"]
[Site "Kiel"]
[Date "2009.08.04"]
[Round "5"]
[White "Bracke, Niels"]
[Black "Frantsen, Tom"]
[Result "1/2-1/2"]
[WhiteElo "1980"]
[BlackElo "2138"]
[PlyCount "86"]
[EventDate "2009.08.01"]
[EventType "swiss"]
[EventRounds "7"]
[EventCountry "GER"]
[SourceTitle "EXT 2010"]
[Source "ChessBase"]
[SourceDate "2010.11.25"]
[SourceVersion "1"]
[SourceVersionDate "2010.11.25"]
[SourceQuality "1"]

1. e4 c6 2. d4 d5 3. exd5 cxd5 4. Bd3 Nc6 5. c3 Nf6 6. Bf4 Bg4 7. Qb3 Na5 8. Qa4+ Bd7 9. Qc2 a6 10. h3 Bb5 11. Bxb5+ axb5 12. Qd3 Qb6 13. Nd2 e6 14. Ngf3 Be7 15. 0-0 0-0 16. Bg5 Nc4 17. b3 Nxd2 18. Nxd2 Ra3 19. Nb1 Ra5 20. b4 Ra4 21. a3 Rc8 22. Kh1 Qc6 23. Ra2 Qc4 24. Qxc4 Rxc4 25. Re2 Kf8 26. Bxf6 Bxf6 27. f4 Ke7 28. Kh2 Kd6 29. Rd1 Rc8 30. Rf1 Raa8 31. Rf3 Re8 32. Rf1 Kd7 33. Rf3 Be7 34. Kg1 Bd6 35. g3 g6 36. Kg2 Rg8 37. Ra2 Ke7 38. Raf2 Kf6 39. Re2 h5 40. h4 Kf5 41. Re5+ Kf6 42. Re2 Rgc8 43. Rfe3 Rc6 1/2-1/2